[Event "20th Cvijet Mediterana 2020"]
[Site "Rijeka"]
[Date "2020.03.05"]
[Round "7.5"]
[White "Medic, Mirjana"]
[Black "Spiranec, Noemi"]
[Result "1/2-1/2"]
[WhiteElo "2210"]
[BlackElo "2083"]
[Annotator "TA"]
[PlyCount "73"]
[EventDate "2020.03.01"]
[EventType "tourn"]
[EventCountry "CRO"]
[SourceTitle "playchess.com"]
[Source "ChessBase"]
[SourceQuality "1"]

{[%evp 13,73,13,19,0,0,0,0,-7,0,-16,-2,-19,36,0,14,0,0,0,6,0,1,0,0,0,0,-7,0,0,1,0,17,17,19,19,18,11,16,14,16,0,6,0,0,0,0,0,0,0,0,-18,-14,-29,-8,-14,-11,-13,-9,-16,-16,-62,0,0]} 1. d4 Nf6 2. Nf3 e6 3. e3 c5 4. Bd3 d5 5. b3 Nc6 6. O-O Bd6 7. Bb2 O-O 8. c4 {D05: Colle System with ...e6.} cxd4 $1 {8...cxd4 is better than 8...b6. 8...b6 is vanishing.} 9. exd4 b6 10. Nbd2 Bb7 11. Rc1 Rc8 12. Re1 {[#]} Nh5 $146 ({Better is} 12... Qe7 $11) ({Predecessor:} 12... Re8 13. Qe2 Bf8 14. Red1 g6 15. a3 Bg7 16. Qf1 Rc7 17. c5 Nd7 18. cxb6 axb6 {½-½ (30) Liu,Y (2414)-Xu,Y (2444) Shanghai 2017}) 13. Bf1 (13. c5 $5 {[%cal Rc5d6]} Be7 14. Bb5 $14) 13... g6 14. cxd5 exd5 15. Ne5 Ng7 16. a3 Nf5 17. Ndf3 f6 18. Nxc6 Rxc6 19. Bb5 Rc7 20. Bd3 Ng7 21. b4 Bf4 22. Rxc7 Qxc7 23. Qb3 Re8 24. Rxe8+ Nxe8 25. g3 Bh6 26. Qa4 Bc6 27. Qc2 Bd7 28. Qb3 Be6 29. a4 Nd6 30. Bc3 Kf7 31. Nd2 Nc4 32. Nf1 a6 33. b5 a5 34. h4 Qd7 35. Qa2 Qc8 {Threatens to win with ...Ne5.} 36. Qb3 Qd7 (36... Bf5 $15 37. Be2 Bg4) 37. Qa2 {Accuracy: White = 92%, Black = 91%.} 1/2-1/2

[Event "20th Cvijet Mediterana 2020"]
[Site "Rijeka"]
[Date "2020.03.06"]
[Round "8.1"]
[White "Vujnovic, Patricija"]
[Black "Spiranec, Noemi"]
[Result "1-0"]
[WhiteElo "2103"]
[BlackElo "2083"]
[Annotator "ChessBase"]
[PlyCount "83"]
[EventDate "2020.03.01"]
[EventType "tourn"]
[EventCountry "CRO"]
[SourceTitle "playchess.com"]
[Source "ChessBase"]
[SourceQuality "1"]
[TimeControl "5400+30"]

1. b3 {[%emt 0:00:00]} e5 {[%emt 0:00:00]} 2. Bb2 {[%emt 0:00:00]} Nc6 {[%emt 0:00:05]} 3. e3 {[%emt 0:00:00]} Nf6 {[%emt 0:01:15]} 4. Bb5 {[%emt 0:00:00]} d6 {[%emt 0:00:32]} 5. d4 {[%emt 0:00:47]} exd4 {[%emt 0:01:48]} 6. Qxd4 {[%emt 0:06:04]} a6 {[%emt 0:03:28]} 7. Bxc6+ {[%emt 0:00:07]} bxc6 {[%emt 0:00:02]} 8. Nc3 {[%emt 0:00:24]} c5 {[%emt 0:04:40]} 9. Qd2 {[%emt 0:05:06]} Bb7 {[%emt 0:02:01]} 10. Nf3 {[%emt 0:00:05]} Be7 {[%emt 0:00:28]} 11. O-O-O {[%emt 0:01:11]} Qd7 {[%emt 0:00:36]} 12. e4 {[%emt 0:09:05]} O-O-O {[%emt 0:02:56]} 13. Rhe1 {[%emt 0:04:49]} Rhe8 {[%emt 0:16:09]} 14. Ng5 {[%emt 0:04:03]} Bf8 {[%emt 0:00:50]} 15. f3 {[%emt 0:03:31]} h6 {[%emt 0:01:03]} 16. Nh3 {[%emt 0:00:06]} Kb8 {[%emt 0:06:24]} 17. Nf4 {[%emt 0:01:51]} Qc8 {[%emt 0:03:23]} 18. Na4 {[%emt 0:19:21]} Nd7 {[%emt 0:01:37]} 19. Nd5 {[%emt 0:03:01]} Ne5 {[%emt 0:04:50]} 20. Qf4 {[%emt 0:06:07]} g5 {[%emt 0:03:52]} 21. Qg3 {[%emt 0:01:10]} Nd7 {[%emt 0:04:59]} 22. Ne3 {[%emt 0:01:54]} Nb6 {[%emt 0:03:01]} 23. Nxb6 {[%emt 0:02:15]} cxb6 {[%emt 0:00:01]} 24. Nd5 {[%emt 0:00:21]} Ka7 {[%emt 0:01:14]} 25. Bf6 {[%emt 0:04:08]} Rd7 {[%emt 0:00:02]} 26. h4 {[%emt 0:01:49]} gxh4 {[%emt 0:00:40]} 27. Qxh4 {[%emt 0:00:04]} Re6 {[%emt 0:02:35]} 28. f4 {[%emt 0:02:50]} Qa8 {[%emt 0:03:41]} 29. f5 {[%emt 0:01:10]} Bxd5 {[%emt 0:01:35]} 30. Rxd5 {[%emt 0:05:35]} Re8 {[%emt 0:00:35]} 31. Red1 {[%emt 0:00:44]} Rc7 {[%emt 0:02:51]} 32. e5 {[%emt 0:03:22]} dxe5 {[%emt 0:02:41]} 33. Bxe5 {[%emt 0:00:01]} Rb7 {[%emt 0:01:02]} 34. Rd8 {[%emt 0:02:05]} Qxd8 {[%emt 0:00:20]} 35. Rxd8 {[%emt 0:00:10]} Be7 {[%emt 0:00:08]} 36. Bf6 {[%emt 0:01:44]} Rxd8 {[%emt 0:00:59]} 37. Bxe7 {[%emt 0:00:09]} Rd4 {[%emt 0:00:32]} 38. Qf6 {[%emt 0:04:22]} Rdd7 {[%emt 0:00:24]} 39. Bf8 {[%emt 0:00:47]} h5 {[%emt 0:00:05]} 40. Qg5 {[%emt 0:02:12]} Rb8 {[%emt 0:00:14]} 41. Bg7 {[%emt 0:00:29]} Rg8 {[%emt 0:00:57]} 42. f6 {[%emt 0:00:15]} 1-0

[Event "20th Cvijet Mediterana 2020"]
[Site "Rijeka"]
[Date "2020.03.06"]
[Round "8.2"]
[White "Hrescak, Ivana"]
[Black "Medic, Mirjana"]
[Result "1/2-1/2"]
[WhiteElo "2182"]
[BlackElo "2210"]
[Annotator "TA"]
[PlyCount "50"]
[EventDate "2020.03.01"]
[EventType "tourn"]
[EventCountry "CRO"]
[SourceTitle "playchess.com"]
[Source "ChessBase"]
[SourceQuality "1"]

{[%evp 19,50,26,28,6,6,4,12,0,0,0,1,8,27,-16,27,16,21,-15,-18,-14,-16,-24,-10,-12,-7,-4,-12,-12,-15,-14,-2,-8,-11]} 1. d4 d5 2. c4 e6 3. Nc3 Nf6 4. cxd5 exd5 5. Bg5 Be7 6. e3 c6 7. Qc2 Nbd7 8. Bd3 Nh5 9. Bxe7 Qxe7 10. Nge2 g6 11. Rc1 {With the idea g4. D36: Queen's Gambit Declined: Exchange Variation: Main line (5 Bg5 c6 6 Qc2).} Ndf6 {[#]} 12. a3 $146 ({Predecessor:} 12. h3 Ng7 13. O-O Bf5 14. Ng3 Bxd3 15. Qxd3 O-O 16. a3 a5 17. Na4 Nd7 18. Qd2 Ne6 {½-½ (60) Dubnikova,A (1941)-Zorin,A (2183) Ekaterinburg 2018}) 12... Ng7 13. O-O Bf5 14. Nf4 O-O 15. b4 a5 16. Rb1 Bxd3 17. Nxd3 Nf5 18. Na4 axb4 19. axb4 Nd6 20. Ne5 Nfe4 21. Nc5 {The position is equal.} Ra3 22. Qb2 Rfa8 {[#] aiming for ...Ra2.} 23. Ra1 $1 {[%cal Ra1a3]} Rxa1 24. Rxa1 Rxa1+ 25. Qxa1 Kg7 {A rather calm draw. Accuracy: White = 84%, Black = 92%.} 1/2-1/2

[Event "20th Cvijet Mediterana 2020"]
[Site "Rijeka"]
[Date "2020.03.06"]
[Round "8.3"]
[White "Unuk, Laura"]
[Black "Smirnova, Ekaterina"]
[Result "1/2-1/2"]
[WhiteElo "2377"]
[BlackElo "2266"]
[Annotator "TA"]
[PlyCount "83"]
[EventDate "2020.03.01"]
[EventType "tourn"]
[EventCountry "CRO"]
[SourceTitle "playchess.com"]
[Source "ChessBase"]
[SourceQuality "1"]

{[%evp 13,83,11,20,11,10,20,7,10,27,25,21,16,18,29,29,16,20,10,13,13,14,17,16,13,9,7,41,26,25,18,28,22,11,0,0,0,0,0,0,0,0,0,0,0,0,0,0,0,0,0,0,0,0,0,0,0,0,0,0,0,0,0,0,0,0,0,0,0,0,0,0,-201]} 1. d4 d5 2. c4 c6 3. Nc3 Nf6 4. e3 e6 5. Nf3 a6 6. Qc2 c5 7. cxd5 exd5 8. Be2 {D45: Semi-Slav: 5 e3.} Be6 9. O-O Nc6 10. Rd1 cxd4 11. Nxd4 Nxd4 12. Rxd4 Bc5 13. Rd1 Qe7 14. Bf3 {[%cal Rc3d5]} O-O 15. Bxd5 Nxd5 16. Nxd5 Bxd5 17. Rxd5 Rac8 18. Bd2 Bxe3 $1 19. Bc3 {[#] And now Re1 would win.} Ba7 $146 ({Predecessor:} 19... Bb6 20. Qf5 Qe6 21. Qf3 f6 22. h4 Qc6 23. h5 Rfd8 24. Rxd8+ Rxd8 25. Qxc6 bxc6 26. Re1 Kf7 27. g4 Bd4 28. Rc1 Bxc3 29. Rxc3 Rd4 {½-½ (29) Gelfand,B (2727)-Anand,V (2791) Moscow 2012}) 20. Qf5 Qe6 21. Qd3 Rfe8 22. h4 Qe4 {The position is equal.} 23. Rd1 Qxh4 24. Qf3 Bb8 {( -> ...Qh2+)} 25. g3 Qe4 26. Qxe4 Rxe4 27. Rd7 b5 28. Rb7 Rec4 29. Rdd7 Bc7 30. a3 h5 31. Kg2 Kf8 32. Bb4+ Kg8 33. Bc3 Kf8 34. Ra7 Rc6 $1 35. Bb4+ Kg8 36. Bc3 Kf8 37. Ba5 {[%cal Ra5c7]} Bxa5 38. Rxf7+ {[%mdl 64] [#] Double Attack} Kg8 {Hoping for ...R8c7.} 39. Rxg7+ Kf8 {Threatens to win with ...R8c7.} 40. Raf7+ Ke8 {Strongly threatening ...R8c7.} 41. Re7+ Kf8 {aiming for ...Rf6.} 42. Rgf7+ $2 {Accuracy: White = 96%, Black = 96%.} (42. Ref7+ $11 {and White has nothing to worry.} Ke8 43. Re7+ Kf8 44. Ref7+) 1/2-1/2

[Event "20th Cvijet Mediterana 2020"]
[Site "Rijeka"]
[Date "2020.03.06"]
[Round "8.4"]
[White "Geller, Anastasiya"]
[Black "Doluhanova, Evgeniya"]
[Result "1/2-1/2"]
[WhiteElo "2161"]
[BlackElo "2258"]
[Annotator "TA"]
[PlyCount "166"]
[EventDate "2020.03.01"]
[EventType "tourn"]
[EventCountry "CRO"]
[SourceTitle "playchess.com"]
[Source "ChessBase"]
[SourceQuality "1"]

{[%evp 9,166,0,15,2,0,0,0,0,0,10,2,5,14,0,11,-20,0,0,7,0,7,-14,-20,-34,-34,-23,-22,-26,-21,-31,-30,-61,-61,-71,-57,-83,-61,-74,-55,-54,-40,-112,-112,-112,-111,-112,-104,-108,-104,-105,-70,-77,-72,-153,-133,-198,-198,-198,-198,-198,-198,-192,-195,-199,-198,-198,-198,-198,-160,-168,-165,-165,-163,-158,-163,-162,-142,-158,-111,-154,-154,-154,-146,-172,-111,-111,-111,-111,-111,-111,-111,-111,-111,-111,-111,-128,-128,-128,-128,-128,-128,-128,-128,-129,-129,-270,-129,-129,-128,-128,-128,-128,-128,-128,-128,-128,-128,-128,-128,-128,-128,-128,-17,-128,-8,-169,-129,-371,-128,-128,-128,-128,-128,-128,-8,-8,-8,-8,-8,-8,0,0,0,0,0,0,0,0,0,0,0,0,0,0,0,0,0,0,0]} 1. Nf3 Nf6 2. c4 e6 3. g3 d5 4. Bg2 dxc4 5. Qa4+ Bd7 6. Qxc4 {A13: English Opening: 1...e6.} c5 7. Ne5 Qc8 8. Nxd7 Qxd7 9. Nc3 Nc6 10. O-O Be7 11. d3 O-O 12. a4 Rac8 13. a5 Nd4 14. Qa4 Rfd8 {[#]} 15. e3 $146 ({Predecessor:} 15. Be3 b5 16. axb6 axb6 17. Qxd7 Nxd7 18. Bxd4 cxd4 19. Nb5 Ne5 20. f4 Ng6 21. Rfc1 {½-½ (48) Gagare,S (2468)-Plazuelo Pascual,J (2433) Elgoibar 2019}) 15... Nc6 {[%cal Bd4c6,Bc6b4,Bb4d3][%mdl 32]} 16. a6 bxa6 17. Qxa6 Nb4 18. Qxa7 Nxd3 19. Qxd7 Rxd7 20. Na4 Rb8 21. h3 g6 22. Rd1 c4 23. e4 Nxc1 24. Raxc1 Rb4 25. Rxd7 ({White should try} 25. Nc3 $15) 25... Nxd7 $17 26. Nc3 Rxb2 {Threatens to win with ...Bc5.} 27. Nd1 Rd2 {Hoping for ...Ba3.} 28. Ne3 Bc5 29. Rxc4 Bxe3 30. fxe3 {[%mdl 4096] Endgame KRB-KRN} Ne5 31. Rd4 (31. Rc5 $142 Nd7 32. Rc4) 31... Rc2 32. Rd1 (32. Rb4 $17 {was necessary.}) 32... Re2 $1 $19 33. Kf1 Rxe3 34. Kf2 Ra3 35. Rd2 Kg7 36. Bf1 Rf3+ 37. Kg2 h5 38. Rd4 Kf6 39. Be2 Re3 40. Kf2 Ra3 41. h4 Rb3 42. Ra4 Rb2 43. Ke3 Rc2 44. Rd4 Rc3+ 45. Kf2 Ra3 46. Rb4 Ng4+ (46... Ra2 $19 47. Ke3 Ra3+ 48. Kf2 Ra2) 47. Bxg4 $17 hxg4 {KR-KR} 48. e5+ {[%mdl 64] Discovered Attack} Kxe5 49. Rxg4 Rd3 50. Ra4 f5 51. Ra6 Rd6 52. Ra4 Kf6 53. Ke3 Rb6 54. Ra3 e5 55. Rc3 Kg7 56. Kf3 Kh6 57. Rc8 (57. Kg2 $17) 57... Rb3+ (57... e4+ $1 $19 58. Kg2 Rb2+ 59. Kh3 Re2) 58. Kg2 e4 59. Rh8+ Kg7 60. Rc8 Rb2+ 61. Kf1 Rh2 62. Kg1 Rd2 63. Kf1 Kf6 64. Rc6+ {[#]} Kf7 $1 65. Ra6 Rd7 (65... Rd3 $17 66. Kg2 Rc3 67. Ra7+ Kf6 68. Ra6+ Kg7) 66. Kg2 (66. g4 $1 $11 {keeps the balance.}) 66... Kg7 (66... Rd3 $17 67. Ra7+ Ke6 68. Ra6+ Rd6) 67. Rb6 $2 (67. g4 $1 $11) 67... Kh6 68. Rb8 $2 {[#]} (68. Rb2 $17) 68... Re7 $2 (68... Rd2+ $1 $19 {and Black stays clearly on top.} 69. Kh3 Rd3) 69. Rh8+ Kg7 70. Rb8 Kf6 71. Kf2 Re6 (71... Ra7 $17 {White should prevent ...Ra2+.} 72. Rb6+ Kf7) 72. Ke3 $11 {The position is equal.} Ra6 {Threatening ...Ra3+.} 73. Kf4 $1 Ra3 {[%csl Ge4][%cal Ra3f3]} 74. Rb6+ Kg7 {Strongly threatening ...Kh6.} 75. g4 Rf3+ 76. Kg5 e3 {White must now prevent ...e2.} 77. Rxg6+ Kf7 {aiming for ...e2.} 78. Rf6+ Ke7 79. gxf5 Rg3+ 80. Kf4 {White threatens Re6+ and mate.} Kxf6 81. Kxg3 Kxf5 {( -> ...Ke4)} (81... e2 $5 82. Kf2 $8 Kxf5 $11) 82. Kf3 e2 83. Kxe2 Kg4 {Accuracy: White = 75%, Black = 78%.} 1/2-1/2

[Event "20th Cvijet Mediterana 2020"]
[Site "Rijeka"]
[Date "2020.03.06"]
[Round "8.5"]
[White "Dordzhieva, Dinara"]
[Black "Radikovic, Anamarija"]
[Result "1-0"]
[WhiteElo "2340"]
[BlackElo "1996"]
[Annotator "TA"]
[PlyCount "83"]
[EventDate "2020.03.01"]
[EventType "tourn"]
[EventCountry "CRO"]
[SourceTitle "playchess.com"]
[Source "ChessBase"]
[SourceQuality "1"]

{[%evp 29,83,37,31,19,35,28,45,41,45,28,35,36,42,36,45,39,45,40,47,32,43,22,135,-7,43,36,41,44,52,29,74,56,69,60,70,64,154,143,175,137,134,100,166,104,354,347,518,271,697,684,860,852,883,870,4097,2800]} 1. Nf3 c5 2. g3 b6 3. Bg2 Bb7 4. O-O Nf6 5. c4 e6 6. d4 cxd4 7. Qxd4 Be7 8. Nc3 d6 9. b3 O-O 10. Bb2 a6 11. Rfe1 Nbd7 12. e4 Qc7 13. Qd2 Rfd8 14. Rad1 Rac8 15. Nd4 Bf8 16. Kh1 {[#] A30: Symmetrical English: Double Fianchetto and Hedgehog.} Qb8 $146 ({Predecessor:} 16... g6 17. f4 Bg7 18. f5 exf5 19. exf5 Ne5 20. Nd5 Nxd5 21. cxd5 Re8 22. fxg6 hxg6 23. Nc6 Qd7 {0-1 (47) Caravan,M (2195)-Baciu,A (2140) Bucharest 1997}) 17. Qe2 Qa8 18. f3 {White is slightly better.} Qb8 19. Rc1 Qa7 20. Red1 Nc5 21. Rc2 h5 22. Rcd2 Qa8 23. Qe3 Re8 24. Nde2 Bc6 25. Nf4 b5 26. Nce2 ({White has to play} 26. Ncd5 $1 $16 {[%cal Rd5f6]} exd5 27. cxd5) 26... e5 27. Nd5 Nxd5 28. cxd5 Bd7 29. f4 exf4 30. Qxf4 Bg4 31. Rf1 Rc7 $1 32. Nd4 f6 ({Better is} 32... Qc8 $1 $14) 33. h3 $1 $36 {[%cal Rh3g4][%mdl 2048] White has strong initiative.} Bc8 34. b4 Na4 {[#]} 35. Ba1 $1 Bd7 {[#]} (35... Nb6 $16 {was worth a try.}) 36. Qh4 (36. g4 $1 $18 {[%cal Rg4g5] Strongly threatening g5.} hxg4 37. hxg4) 36... Nc3 $2 {Now Black is done in.} (36... Re5 $16) 37. Rc2 $18 ({And not} 37. Qxh5 Nxe4 38. Rd3 Re5 $11) 37... Rec8 (37... Qc8 {might work better.} 38. Nc6 Nxe4) 38. Qxh5 ({Inferior is} 38. Rfc1 Nxd5 39. exd5 Rxc2 $11) 38... Qa7 $2 {[#]} (38... Rc4 39. Qg6 Rxd4) 39. Nc6 $1 {[%mdl 512] White is clearly winning.} Bxc6 40. dxc6 ({Weaker is} 40. Bxc3 Be8 $14) 40... Rxc6 41. e5 R6c7 42. Rxc3 {Accuracy: White = 71%, Black = 46%.} 1-0

[Event "20th Cvijet Mediterana 2020"]
[Site "Rijeka"]
[Date "2020.03.07"]
[Round "9.1"]
[White "Radikovic, Anamarija"]
[Black "Vujnovic, Patricija"]
[Result "0-1"]
[WhiteElo "1996"]
[BlackElo "2103"]
[Annotator "TA"]
[PlyCount "116"]
[EventDate "2020.03.01"]
[EventType "tourn"]
[EventCountry "CRO"]
[SourceTitle "playchess.com"]
[Source "ChessBase"]
[SourceQuality "1"]

{[%evp 15,116,26,42,39,60,18,35,-35,27,30,43,4,6,0,35,28,34,-41,0,0,35,17,37,44,78,12,5,11,50,44,52,43,61,57,54,0,0,0,0,-75,-73,-80,-85,-113,-75,-118,-111,-102,-81,-138,-140,-160,-136,-137,-108,-124,-124,-104,-101,-151,-118,-136,-118,-110,-110,-120,-113,-135,-118,-109,-61,-59,-58,-44,18,-80,-16,-116,-110,-127,-153,-125,-138,-381,-375,-481,-346,-400,-373,-883,-883,-883,-845,-780,-733,-29984,-29984,-29988,-29988,-29994,-29995,-29998,-29999]} 1. d4 Nf6 2. c4 e5 3. dxe5 Ng4 4. Bf4 Nc6 5. Nf3 Bb4+ 6. Nc3 Qe7 7. Qd5 f6 8. exf6 Nxf6 9. Qd3 {A52: Budapest Gambit.} d6 10. e3 Ne4 {[#]} 11. Rc1 $146 (11. Qc2 $1 $14) ({Predecessor:} 11. Be2 Bxc3+ 12. bxc3 Nc5 13. Qd2 O-O 14. O-O Bd7 15. Rad1 Rae8 16. Nd4 Qf7 17. a4 {½-½ (77) Salvadego,E (1527)-Da Silva,A (1773) Curitiba 2018}) 11... Bf5 (11... Bxc3+ $15 12. bxc3 Nc5) 12. Qd5 $11 Qf6 {[%cal Rb4c3]} 13. Nd4 (13. Bd3 $5 {[%cal Rd3e4]} Nxc3 14. bxc3 Bxc3+ 15. Kf1 Bxd3+ 16. Qxd3 $11) 13... Nxd4 14. Qxd4 ({But not} 14. Qxb7 Nxc3 $1 {[%mdl 512]} 15. bxc3 (15. Qxa8+ $2 {loses.} Kf7 $19) 15... Nc2+ 16. Ke2 O-O $17) 14... O-O {With the idea ...Qxd4.} (14... Qg6 {keeps more tension.} 15. h4 h5 16. f3 Nxc3 17. bxc3 Bc5) 15. Qxf6 $1 Rxf6 16. Be2 ({White should try} 16. f3 $14 Nxc3 17. bxc3) 16... Re8 17. O-O {Hoping for Nd5.} Nxc3 (17... Bxc3 $5 18. bxc3 h6 $11) 18. bxc3 Ba3 19. Rcd1 Bb2 20. Bf3 (20. Bh5 $16 Ref8 21. c5 $1 {[%mdl 512]}) 20... b6 21. Bc6 Ref8 22. Bg5 Rg6 23. Be7 Rb8 24. Bd5+ Be6 25. Be4 ({Better is} 25. Rd3 $14) 25... Bxc4 {aiming for ...Re6.} 26. Bxg6 hxg6 27. Rfe1 (27. Rd2 $11 Bxf1 28. Kxf1) 27... Bxc3 $17 {And now ...b5 would win.} 28. Rc1 Bxe1 29. Rxc4 {[%mdl 4096] Endgame KRB-KRB} Rb7 30. Kf1 Ba5 31. Ke2 Kf7 32. Bd8 (32. Bh4 $142) 32... b5 33. Rf4+ Ke8 $1 {[%cal Re8d8]} 34. Bh4 c5 35. Re4+ Kf7 36. Rf4+ Kg8 37. Rg4 Kh7 38. Bg3 Rd7 39. Rh4+ Kg8 40. Rg4 Kf7 41. Rf4+ Ke6 42. Rg4 Kd5 43. e4+ Kc6 44. Rxg6 c4 (44... Bc3 $15) 45. e5 (45. Be5 $1 $11) 45... Bb4 ({Black should play} 45... Bc3 $17) 46. e6 {[#]} (46. Kd1 $11) 46... Re7 $1 47. Bh4 Re8 48. e7 {[#]} Bc3 $1 49. g4 $2 {White does not recover from this.} (49. Kd1 $17) 49... b4 {[%cal Bb5b4,Bb4b3][%mdl 32]} 50. Kd1 a5 {[%cal Ba7a5,Ba5a4,Ba4b3][%mdl 32]} 51. Kc2 Bd4 52. f4 $2 (52. Bg3 Rxe7 53. Bxd6 Re2+ {[%mdl 64] Double Attack} 54. Kd1 Rxf2 55. Bxb4+ Kb5 56. Be1 Rxh2 57. Rg5+ Kc6 58. Rh5 Rxa2 59. Rxa5) 52... a4 $19 53. Re6 b3+ 54. Kb1 c3 {Threatens to win with ...c2+.} 55. axb3 axb3 {Black mates.} 56. f5 Kd5 57. g5 Ra8 58. e8=Q {[#]} Ra1+ $1 {[%mdl 576] Decoy. Accuracy: White = 50%, Black = 69%.} 0-1

[Event "20th Cvijet Mediterana 2020"]
[Site "Rijeka"]
[Date "2020.03.07"]
[Round "9.2"]
[White "Doluhanova, Evgeniya"]
[Black "Dordzhieva, Dinara"]
[Result "1/2-1/2"]
[WhiteElo "2258"]
[BlackElo "2340"]
[Annotator "TA"]
[PlyCount "22"]
[EventDate "2020.03.01"]
[EventType "tourn"]
[EventCountry "CRO"]
[SourceTitle "playchess.com"]
[Source "ChessBase"]
[SourceQuality "1"]

{[%evp 11,22,-2,5,-20,-17,-17,-19,-28,-12,-12,-14,-13,-14]} 1. Nf3 d5 2. b3 Bf5 3. Bb2 e6 4. e3 Nf6 5. Be2 h6 6. O-O Nbd7 7. Ne5 {A06: Réti Opening: 1 Nf3 d5.} Nxe5 8. Bxe5 Bd6 9. f4 Bxe5 10. fxe5 Nd7 11. d4 {[#]} Qg5 $146 {An uneventful encounter.} ({Predecessor:} 11... c5 12. Bd3 Bxd3 13. Qxd3 O-O 14. Nd2 Rc8 15. c3 Qa5 16. Rf3 cxd4 17. exd4 f5 {0-1 (59) Hricak,V (2090)-Sukuba,Z (2096) Slovakia 2015}) 1/2-1/2

[Event "20th Cvijet Mediterana 2020"]
[Site "Rijeka"]
[Date "2020.03.07"]
[Round "9.3"]
[White "Smirnova, Ekaterina"]
[Black "Geller, Anastasiya"]
[Result "1-0"]
[WhiteElo "2266"]
[BlackElo "2161"]
[Annotator "TA"]
[PlyCount "51"]
[EventDate "2020.03.01"]
[EventType "tourn"]
[EventCountry "CRO"]
[SourceTitle "playchess.com"]
[Source "ChessBase"]
[SourceQuality "1"]

{[%evp 15,51,26,21,6,33,16,49,42,50,58,113,121,160,139,141,86,60,57,81,75,81,57,139,87,63,64,143,114,168,158,308,231,356,291,331,275,802,795]} 1. d4 e6 2. c4 c5 3. Nf3 a6 4. Nc3 cxd4 5. Nxd4 Nf6 6. e3 Qc7 7. Be2 Be7 8. O-O O-O 9. b3 {A32: Symmetrical English: 2 Nf3 Nf6 3 d4 cxd4 4 Nxd4 e6.} b5 10. Bf3 d5 {[#]} 11. cxd5 $146 {White is slightly better.} ({Predecessor:} 11. Qd3 bxc4 12. bxc4 dxc4 13. Qe2 Ra7 14. Rb1 e5 15. Nc2 Be6 16. Ba3 Bxa3 17. Nxa3 {0-1 (24) Lysunets,M (1642)-Ufimtsev,E (2148) Ekaterinburg 2019}) 11... Qxc3 12. Bd2 Qc5 {[#]} (12... Qc7 $14 13. d6 {[%mdl 64] Discovered Attack} Bxd6 14. Bxa8 Bxh2+ 15. Kh1 Bd6) 13. d6 $1 $16 {[%cal Rd6e7][%mdl 576] Discovered Attack} Bxd6 {Threatens to win with ...Ra7.} (13... Qxd6 14. Bxa8) 14. Bxa8 e5 15. Ne2 ({Better is} 15. Nc2 Qa7 16. Bf3) 15... Qa7 16. Bc3 Bc7 {[#]} 17. Bd5 $1 Rd8 18. e4 Be6 (18... Nxe4 $14 19. Bd4 exd4 20. Bxe4 g6) 19. Qc2 (19. Rc1 $142) 19... Nxd5 20. exd5 Rxd5 (20... Bxd5 $14 21. Rfd1 Nc6) 21. Rad1 {Strongly threatening Rxd5.} g6 (21... Rc5 $16) 22. Ng3 $18 f5 (22... Qb6 $16 {was worth a try.} 23. Rxd5 Bxd5) 23. Bb4 Nd7 (23... a5 $142) 24. Rxd5 ({Less strong is} 24. Qc6 Qb6 $18) 24... Bxd5 25. Rd1 Nb6 $2 {[#]} (25... Be6 26. Bd6 (26. Qc6 Qb6 $18) 26... Bxd6) 26. Qc5 $1 {Accuracy: White = 74%, Black = 27%.} 1-0

[Event "20th Cvijet Mediterana 2020"]
[Site "Rijeka"]
[Date "2020.03.07"]
[Round "9.4"]
[White "Medic, Mirjana"]
[Black "Unuk, Laura"]
[Result "1-0"]
[WhiteElo "2210"]
[BlackElo "2377"]
[Annotator "TA"]
[PlyCount "63"]
[EventDate "2020.03.01"]
[EventType "tourn"]
[EventCountry "CRO"]
[SourceTitle "playchess.com"]
[Source "ChessBase"]
[SourceQuality "1"]

{[%evp 11,63,0,16,0,6,0,25,20,13,0,0,0,24,10,4,18,40,0,0,0,12,8,43,0,0,0,9,16,17,16,9,9,152,158,329,334,427,422,419,335,543,528,854,754,29990,29979,29983,29984,29989,29983,29994,29992,29995,29996]} 1. d4 d5 2. c4 c6 3. Nf3 Nf6 4. Nc3 a6 5. a4 e6 6. Bg5 Be7 7. e3 {D15: Slav Defence: 4 Nc3 a6 and gambit lines after 4 Nc3 dxc4.} a5 8. Bd3 h6 {[#]} 9. Bf4 $146 {White has an edge.} ({Predecessor:} 9. Bh4 O-O 10. O-O Nbd7 11. Qe2 Nb6 12. b3 Ne4 13. Bxe7 Nxc3 14. Bxd8 Nxe2+ 15. Bxe2 Rxd8 {1-0 (41) Kaabi,M (2315)-Alzayat,A (2088) Tripoli 2010}) 9... Na6 10. h3 O-O 11. Ne5 c5 12. O-O cxd4 13. exd4 Nb4 14. Be2 dxc4 15. Bxc4 Nfd5 16. Bg3 b6 17. Nb5 Bb7 18. Qe2 Bg5 19. f4 Bh4 20. Bxh4 Qxh4 21. f5 $36 {[%mdl 2048] Black must now prevent fxe6. Black is under pressure.} Qg5 {[#]} (21... Nf4 $11 {remains equal.} 22. Qf2 Qxf2+ 23. Rxf2 Nfd5) 22. Nd6 $1 $16 {aiming for fxe6.} exf5 $2 {This move loses the game for Black.} (22... Ba6 $16) 23. Nxb7 $18 Qe7 24. Rxf5 Qxb7 25. Qf3 Ra7 $2 (25... Rac8 26. Rf1 Rc7) 26. Rf1 Nf6 {intending ...Qxf3.} 27. Rxf6 gxf6 28. Qxf6 {White mates.} Nd5 29. Qxh6 f6 30. Rf3 Rf7 31. Nxf7 Qc6 {[#]} 32. Ne5 $1 {[%mdl 64] Pin. Accuracy: White = 88%, Black = 52%.} 1-0